<?xml version="1.0" encoding="UTF-8"?>
<record
    xmlns:xsi="http://www.w3.org/2001/XMLSchema-instance"
    xsi:schemaLocation="http://www.loc.gov/MARC21/slim http://www.loc.gov/standards/marcxml/schema/MARC21slim.xsd"
    xmlns="http://www.loc.gov/MARC21/slim">

  <leader>00862nam a22001697a 4500</leader>
  <datafield tag="952" ind1=" " ind2=" ">
    <subfield code="0">0</subfield>
    <subfield code="1">0</subfield>
    <subfield code="2">ddc</subfield>
    <subfield code="4">0</subfield>
    <subfield code="7">0</subfield>
    <subfield code="8">NFIC</subfield>
    <subfield code="a">ASL</subfield>
    <subfield code="b">ASL</subfield>
    <subfield code="c">GEN</subfield>
    <subfield code="d">2021-03-01</subfield>
    <subfield code="e">ASB Collection</subfield>
    <subfield code="l">0</subfield>
    <subfield code="o">363.9 JAW</subfield>
    <subfield code="p">106883</subfield>
    <subfield code="r">2021-03-01 00:00:00</subfield>
    <subfield code="t">C-1</subfield>
    <subfield code="w">2021-03-01</subfield>
    <subfield code="y">BK</subfield>
  </datafield>
  <datafield tag="999" ind1=" " ind2=" ">
    <subfield code="c">22601</subfield>
    <subfield code="d">22601</subfield>
  </datafield>
  <controlfield tag="003">BDDh-ASL</controlfield>
  <controlfield tag="005">20231015030139.0</controlfield>
  <controlfield tag="008">210301s1988    en ||||| |||| 00| 0 eng d</controlfield>
  <datafield tag="040" ind1=" " ind2=" ">
    <subfield code="c">BDDh-ASL</subfield>
  </datafield>
  <datafield tag="082" ind1=" " ind2=" ">
    <subfield code="a">363.9</subfield>
    <subfield code="b">JAW</subfield>
  </datafield>
  <datafield tag="100" ind1="1" ind2=" ">
    <subfield code="9">3275</subfield>
    <subfield code="a">Jacobson, Jodi L. </subfield>
  </datafield>
  <datafield tag="245" ind1="1" ind2="0">
    <subfield code="a">Worldwatch Paper 86: </subfield>
    <subfield code="b">Environmental Refugees: A Yardstick of Habitability /</subfield>
  </datafield>
  <datafield tag="260" ind1=" " ind2=" ">
    <subfield code="a">USA: </subfield>
    <subfield code="b">Worldwatch Institute, </subfield>
    <subfield code="c">1988.</subfield>
  </datafield>
  <datafield tag="300" ind1=" " ind2=" ">
    <subfield code="a">48 p.: </subfield>
    <subfield code="c">21 cm. </subfield>
  </datafield>
  <datafield tag="650" ind1=" " ind2="0">
    <subfield code="a">Environment, &#x9AA;&#x9B0;&#x9BF;&#x9AC;&#x9C7;&#x9B6;,  Parib&#x113;&#x15B;a, Environmental Law, &#x9AA;&#x9B0;&#x9BF;&#x9AC;&#x9C7;&#x9B6; &#x986;&#x987;&#x9A8;,   Parib&#x113;&#x15B;a &#x101;'ina, &#x9AA;&#x9B0;&#x9BF;&#x9AC;&#x9C7;&#x9B6;, &#x9AA;&#x9B0;&#x9BF;&#x9AE;&#x9A3;&#x9CD;&#x9A1;&#x9B2;, &#x9AA;&#x9BE;&#x9B0;&#x9BF;&#x9AA;&#x9BE;&#x9B0;&#x9CD;&#x9B6;&#x9CD;&#x9AC;&#x9BF;&#x995; &#x985;&#x9AC;&#x9B8;&#x9CD;&#x9A5;&#x9BE;, &#x9AC;&#x9BE;&#x9A4;&#x9BE;&#x9AC;&#x9B0;&#x9A3;, &#x9AA;&#x9CD;&#x9B0;&#x9A4;&#x9BF;&#x9AC;&#x9C7;&#x9B6; conditions &#x9AA;&#x9B0;&#x9BF;&#x9AC;&#x9C7;&#x9B6; ambience &#x9AC;&#x9BE;&#x9A4;&#x9BE;&#x9AC;&#x9B0;&#x9A3;, &#x9AA;&#x9B0;&#x9BF;&#x9AC;&#x9C7;&#x9B6;, &#x986;&#x9AC;&#x9B9;&#x9AE;&#x9A3;&#x9CD;&#x9A1;&#x9B2;</subfield>
    <subfield code="x">Refugee</subfield>
    <subfield code="9">2993</subfield>
  </datafield>
  <datafield tag="942" ind1=" " ind2=" ">
    <subfield code="2">ddc</subfield>
    <subfield code="c">BK</subfield>
  </datafield>
</record>
